В разгар лета: роман; пер. с англ.

Λεπτομέρειες βιβλιογραφικής εγγραφής
Κύριος συγγραφέας: Карр Ф. Филипп
Περίληψη:В середине XIX века Англия становится ведущей колониальной державой мира. Действие романа происходит в Австралии, где главная героиня Аннора теряет своих родителей и брата во время шторма. Она возвращается в Англию, в свое родовое поместье Кадор; но самозванка, доказавшая, что она законная дочь отца Анноры, через суд отбирает имение. Аннора пытается бороться...
Γλώσσα:Ρωσικά
Έκδοση: Москва, Эксмо, 1996
Σειρά:Золотой лев
Θέματα:
Μορφή: Βιβλίο
KOHA link:https://koha.lib.tpu.ru/cgi-bin/koha/opac-detail.pl?biblionumber=672819

MARC

LEADER 00000nam0a2200000 4500
001 672819
005 20240927112121.0
010 |a 5-7562-0047-9 
090 |a 672819 
100 |a 20240529d1996 m||y0rusy50 ca 
101 1 |a rus  |c eng 
102 |a RU 
105 |a y z 000ay 
181 0 |a i   |b  e  
182 0 |a n 
183 0 |a nc  |2 RDAcarrier 
200 1 |a В разгар лета  |e роман  |e пер. с англ.  |f Филиппа Карр (Виктория Холт) 
203 |a Текст  |b визуальный  |c непосредственный 
210 |a Москва  |c Эксмо  |a Санкт-Петербург  |c МиМ-Экспресс  |d 1996 
215 |a 378 с. 
225 1 |a Золотой лев 
283 |a volume  |2 RDAcarrier 
330 |a В середине XIX века Англия становится ведущей колониальной державой мира. Действие романа происходит в Австралии, где главная героиня Аннора теряет своих родителей и брата во время шторма. Она возвращается в Англию, в свое родовое поместье Кадор; но самозванка, доказавшая, что она законная дочь отца Анноры, через суд отбирает имение. Аннора пытается бороться... 
606 1 |a Английская литература  |9 52454 
610 1 |a художественная литература 
610 1 |a романы 
610 1 |a исторические романы 
610 1 |a история 
610 1 |a любовь 
675 |a 82  |v 4 
700 1 |a Карр  |b Ф.  |g Филипп  |c публиковалась также под именем Виктория Холт 
801 0 |a RU  |b 63413507  |c 20240529 
942 |c BK